Anglicko-slovenský frazeologický slovník /
Salvato in:
| Autore principale: | |
|---|---|
| Natura: | Libro |
| Lingua: | multilingua |
| Pubblicazione: |
Bratislava :
Slovenské pedagogické nakladateľstvo,
1984
|
| Soggetti: | |
| Tags: |
Nessun Tag, puoi essere il primo ad aggiungerne!!
|
MARC
| LEADER | 00000nam a22000003a 4500 | ||
|---|---|---|---|
| 001 | stu38486 | ||
| 005 | 20150617225724.8 | ||
| 008 | 921102s1984----cs------------------mul-d | ||
| 040 | |a STU |b slo | ||
| 041 | 0 | |a mul | |
| 044 | |a cs | ||
| 080 | |a 801.323.2=20=854 | ||
| 100 | 1 | |a Kvetko, Pavol |4 aut | |
| 245 | 1 | |a Anglicko-slovenský frazeologický slovník / |c [aut.]Pavol Kvetko | |
| 260 | |a Bratislava : |b Slovenské pedagogické nakladateľstvo, |c 1984 | ||
| 300 | |a 599 s | ||
| 650 | 7 | |a Slovníky frazeologické anglicko-slovenské |2 stusub | |
| 650 | 7 | |a frazeológia |2 stusub | |
| 650 | 7 | |a slovníky anglicko-slovenské |2 stusub | |
| 996 | |b 284M014767 |c M*6523-1 |l MMKN |s A |a 24 |w stu38486_0001 | ||